|
|
|
|
| LEADER |
00000nam a2200000 a 4500 |
| 001 |
vtls001176406 |
| 003 |
SK-MaSNL |
| 005 |
20260301063436.0 |
| 008 |
250414s1982 US 0 eng |
| 015 |
|
|
|a SNBZSA1994
|
| 020 |
|
|
|q (brož.)
|
| 035 |
|
|
|a SNK000119402
|
| 040 |
|
|
|a SNK
|b slo
|c SNK
|e AACR2
|
| 041 |
0 |
|
|a eng
|
| 044 |
|
|
|a US
|
| 080 |
|
|
|a 262.2(=854)(73)(091)=20
|2 1981
|
| 100 |
1 |
|
|a Brunner, Mark
|4 aut
|9 379236
|
| 245 |
1 |
4 |
|a The Slovaks of St. John`s Parish
|b A Local Study
|c Mark Brunner
|
| 260 |
|
|
|a Cleveland
|b First Catholic Slovak Union
|c 1982
|e Middletown
|f Jednota Printery
|
| 300 |
|
|
|a 24 s.
|b Lit. 63 zázn. v angl.
|c 23 cm
|
| 500 |
|
|
|a Ilustr. na obál.
|
| 500 |
|
|
|a Sep. odt. z: Jednota Annual Furdek 1982
|
| 655 |
|
7 |
|a separáty
|2 SNK
|9 70334
|
| 852 |
|
|
|a Slovenská národná knižnica
|
| 954 |
|
|
|a farnosti katolícke slovenské
|a USA
|a St. John's Parish, Youngstown
|
| 958 |
|
|
|a UC
|
| 958 |
|
|
|a BQ
|
| 958 |
|
|
|a ZS
|
| 958 |
|
|
|a TL
|
| 958 |
|
|
|a NB
|
| 958 |
|
|
|a OND
|
| 999 |
|
|
|c 623982
|d 625912
|
| 952 |
|
|
|a SNK
|b SNK
|y PREZ
|7 0
|p 17A0875405
|o snkSC 56694
|0 0
|1 0
|4 0
|d 2012-08-13
|l 0
|r 2025-05-28 00:00:00
|w 2026-02-23
|
| 952 |
|
|
|t P60, <04>, [BOOK], {604}
|a SNK
|b SNK
|y VYP
|7 0
|p 17A0124123
|o snkSC 56694 D1
|0 0
|1 0
|4 0
|d 1998-02-25
|l 0
|r 2005-01-01 00:00:00
|w 2026-02-23
|